Seasons

Bibliographic Details
Format: Book
Published: London : A Dorling Kindersley Book , 1990
Series:My first look at
Subjects:

MARC

LEADER 00000cam a2200000 7i4500
001 0000005833
002 000006305
005 20060209.0
020 |a 0863184642 
090 0 0 |a 001   |b FIR 
245 0 0 |a Seasons 
260 |a London :   |b A Dorling Kindersley Book ,   |c 1990 
300 |a 16p. :   |b ill. ;   |c 18cm. 
490 0 |a My first look at 
650 0 0 |a Seasons   |x Juvenile literature 
999 |a 031100   |b BUKU   |c JUNIOR BOOKS   |e PERPUSTAKAAN KOMUNITI PETALING JAYA